• 首页
  • 本馆介绍
  • 公告通知
  • 最新文献
  • 馆藏检索
  • 电子资源
  • 读者导购
  • 参考咨询
  • 我的图书馆
  • 登录
  • 详细信息显示
  • 放入我的书架
  • 预约/预借图书
  • 作者相关作品
  • 分类相关作品
  • 丛书相关作品
  • 出版社相关作品

书目信息

  • 表格格式
  • 工作单格式
  • 卡片格式
书名: The Nuclear predicament
作者: Peter R. Beckman ... [et al.].
分册号:
分册名:
出版地: Englewood Cliffs, N.J. :
 
出版社: Prentice Hall
出版时间: c1992.
页数: x, 326 p. :
开本: 23 cm.
丛书名:
中图分类号:
科图分类号:
其他分类号: E9
主题词:
电子资源:
000 01173cam a2200325 a 450
001 E0759032046
005 20070516162726.48
008 910523s1992 njua b 001 0 eng
010    @a91022544
020    @a0136269125.
035    @A(DLC) 91022544
040    @aDLC@cDLC@dDLC
050 00 @aU263@b.N7523 1992
082 00 @a355.02/17@2 20
090    @aE9
099    @dE9@ex8=2
245 04 @aThe Nuclear predicament :@bnuclear weapons in the Cold War and beyond / @cPeter R. Beckman ... [et al.].
250    @a2nd ed.
260    @aEnglewood Cliffs, N.J. :@bPrentice Hall,@cc1992.
300    @ax, 326 p. :@bill. ;@c23 cm.
504    @aIncludes bibliographical references and index.
650  0 @aNuclear warfare@xMoral and ethical aspects.
650  0 @aWorld politics@y1945-
650  0 @aNuclear arms control.
650  0 @aNuclear warfare.
700 1  @aBeckman, Peter R.
906    @a7@bcbc@corignew@d1@eocip@f19@gy-gencatlg
920    @a** LC HAS REQ’D # OF SHELF COPIES **
955    @apc14 to be00 05-23-91; be27 to SCD 05-24-91; fd15 05-31-91; fq29 06-06-91; CIP ver. ba30 to SL 04-20-92
991    @bc-GenColl@hU263@i.N7523 1992@tCopy 1@wBOOKS
    
    The Nuclear predicament : : nuclear weapons in the Cold War and beyond / / Peter R. Beckman ... [et al.].-2nd ed.-Englewood Cliffs, N.J. : : Prentice Hall, , c1992.
    x, 326 p. : : ill. ; ; 23 cm.
    Includes bibliographical references and index.
    
    ISBN 0136269125.
    
●
相关链接 在E读中查询图书 在五车中查询图书 在当当中查询图书 在豆瓣中查询图书


正题名:Nuclear predicament     索取号:E9/x8=2         预约/预借

序号 登录号 条形码 馆藏地/架位号 状态 备注
1 9587   300095876   第二样本阅览室/ [索取号:E9/x8=2] 在馆    
唐山师范学院图书馆 欢迎您!
大连网信软件有限公司© 版权所有